A discourse analysis of medicine advertisements in English and Vietnamese

Introduction; Theoretical background; Methods and procedure...

Đã lưu trong:
書目詳細資料
主要作者: Nguyễn, Thị Hồng Minh.
其他作者: Nguyễn Thị Quỳnh Hoa, Ph.D (Hướng dẫn.)
格式: 未知
語言:English
出版: Đà Nẵng : Đại học Đà Nẵng, 2011.
主題:
標簽: 添加標簽
沒有標簽, 成為第一個標記此記錄!
Thư viện lưu trữ: Mạng thư viện Đại học Đà Nẵng
LEADER 02034na a2200349 4500
001 000030946
003 5050
005 20230728115959.0
008 151001s2011 000 eng
040 |a LNN 
041 |a eng 
082 |a 420.65  |b NG-M 
100 1 |a Nguyễn, Thị Hồng Minh. 
245 1 2 |a A discourse analysis of medicine advertisements in English and Vietnamese  |h [Thesis-Luận văn thạc sĩ] /  |c Nguyễn Thị Hồng Minh; Nguyễn Thị Quỳnh Hoa hướng dẫn. 
260 |a Đà Nẵng :  |b Đại học Đà Nẵng,  |c 2011. 
300 |a 97tr. ;  |c 29 cm. +  |e 1 tóm tắt. 
500 |a M.A. thesis in the English language. 
520 3 |a Introduction; Theoretical background; Methods and procedure... 
630 0 4 |a Tiếng Anh. 
650 0 4 |a English language  |x Medicine advertisements. 
700 1 |a Nguyễn Thị Quỳnh Hoa,  |c Ph.D,  |e Hướng dẫn. 
OWN |a LNN 
AVA |a UDN50  |b LNN  |c English  |d 420.65 NG-M  |e available  |t Error 5001 Not defined in file expand_doc_bib_avail.  |f 1  |g 0  |h N  |i 0  |j AN  |k 1 
Z40 3 |y A discourse analysis of medicine advertisements in English and Vietnamese  |l Library of UFL  |t VIEW  |x http://catalog.udn.vn:80/F?func=service&doc_library=UDN01&local_base=UDN01&doc_number=000030946&sequence=000001&line_number=0001&func_code=DB_RECORDS&service_type=MEDIA  |f summary3_000034191.pdf  |e pdf  |s 000549662  |k 20240419  |m NTMTHI 
999 |a From the UDN01 
AVA |a UDN50  |b LNN  |c English  |d 420.65 NG-M  |e available  |t Error 5001 Not defined in file expand_doc_bib_avail.  |f 1  |g 0  |h N  |i 0  |j AN  |k 1 
TYP |a Printed language 
856 |y A discourse analysis of medicine advertisements in English and Vietnamese  |l Library of UFL  |t VIEW  |x http://catalog.udn.vn:80/F?func=service&doc_library=UDN01&local_base=UDN01&doc_number=000030946&sequence=000001&line_number=0001&func_code=DB_RECORDS&service_type=MEDIA  |f summary3_000034191.pdf  |e pdf  |s 000549662  |k 20240419  |m NTMTHI 
980 |a Mạng thư viện Đại học Đà Nẵng